| 000 | 01125 a2200253 4500 | ||
|---|---|---|---|
| 005 | 20090314112010.0 | ||
| 008 | 090314t xxu||||| |||| 00| 0 eng d | ||
| 010 | _aB-280416-417 | ||
| 020 |
_c295.00 _a0144000474 |
||
| 020 |
_c295.00 _a9780144000470 |
||
| 035 | _aB-280416-417 | ||
| 037 | _bUBH | ||
| 040 |
_aDPL _bEnglish |
||
| 082 | _a954 | ||
| 100 | _aSen, Amartya | ||
| 245 |
_aThe argumentative Indian: _cby Amartya Sen _bwritings on Indian history, culture and identity/ |
||
| 260 |
_aLondon _bPenguin Books _c2005 |
||
| 270 |
_bLondon _cEngland _a80 Strand, _eWC2R ORL |
||
| 300 |
_axx, 409p _c22cm(pbk) |
||
| 942 |
_adpl _cEN _2ddc _h954 _mSEN |
||
| 999 |
_c25220 _d25220 |
||